الفتاوى الاسلامية فى القضايا الاقتصادية : (Record no. 15867)
[ view plain ]
| 000 -الفاتح | |
|---|---|
| حقل البيانات ثابتة الطول | 00639nam a22001577a 4500 |
| 008 - عناصر البيانات ثابتة الطول - معلومات عامة | |
| حقل البيانات ثابتة الطول | 110818s1990 ua|||||r|||| 000 0 ara d |
| 082 ## - رقم تصنيف ديوى العشرى | |
| رقم الطبعة | 22 |
| رقم المادة | ف ت ا |
| رقم التصنيف | 259 |
| 245 ## - بيان العنوان | |
| العنوان | الفتاوى الاسلامية فى القضايا الاقتصادية : |
| بقية العنوان | الزكاة البيع البنوك الديون الشركات التأمين / |
| بيان المسئوليه,etc | الأهرام |
| 250 ## - بيان الطبعة | |
| بيان الطبعة | ط 2 . |
| 260 ## - PUBLICATION, DISTRIBUTION, ETC. (IMPRINT) | |
| مكان الناشر او الموزع | القاهرة : |
| اسم الناشر او الموزع | مؤسسة الأهرام ، |
| تاريخ النشر أو التوزيع | 1990. |
| 300 ## - الوصف المادى | |
| التعداد | 192 ص ؛ |
| أبعاد الوعاء | 18 سم . |
| 504 ## - تبصرة ببليوجرافية | |
| تبصرة ببليوجرافية,الخ | يحتوي علي ارجاعات ببليوجرافية . |
| 650 ## - المدخل الاضافى بالموضوع-مصطلح موضوعى | |
| 9 (RLIN) | 16851 |
| مصطلح موضوعي أو اسم جغرافي كعنصر مدخل | الفتاوى الشرعية |
| 653 ## - مصطلح تكشيفى غير مقيد | |
| Resource For college | |
| 942 ## - عناصر المدخل الإضافي( كوها) | |
| مصدر التصنيف او مخطط الترفيف | Dewey Decimal Classification |
| Koha [default] item type | Book - Borrowing |
| حالة التراجع | حالة الفقد | مصدر التصنيف او خطة الترفيف | حالة تلف | ليس للاعارة | مجموعات كوها | المكان الدائم | المكان الحالي | موقع الترفيف | تاريخ الاكتساب | Source of acquisition | رقم الاستدعاء | الباركود | Date last seen | نوع الوعاء |
|---|---|---|---|---|---|---|---|---|---|---|---|---|---|---|
| Dewey Decimal Classification | Alef-Baa | Central Library | Central Library | Lower Floor | 18/08/2011 | 259 ف ت ا | 000024111 | 15/07/2025 | Book - Borrowing |